[Event "Plzen, JF D"]
[Site "?"]
[Date "1999.??.??"]
[Round "1.1"]
[White "Adamek, F."]
[Black "Zvolanek, J."]
[Result "1-0"]
[WhiteElo "1961"]
[BlackElo "1666"]
[PlyCount "80"]
[EventDate "1999.??.??"]
[Source "ChessBase"]
[SourceDate "1996.11.15"]

1. e4 d6 2. f4 Nf6 3. Nc3 g6 4. Be2 Bg7 5. d3 c5 6. Nf3 Nc6 7. O-O Rb8 8. h3 b5
9. Nh2 b4 10. Nb1 Nd4 11. c4 bxc3 12. Nxc3 O-O 13. Rb1 Nxe2+ 14. Qxe2 Nh5 15.
Qe1 Ng3 16. Qxg3 Bxc3 17. f5 Be5 18. Qf3 e6 19. Bh6 exf5 20. Bxf8 Qxf8 21. exf5
Bxf5 22. b3 Rb4 23. Qe2 Rd4 24. Rbd1 Qa8 25. Nf3 Rd5 26. Nxe5 Rxe5 27. Qf2 Qe8
28. Rfe1 Rxe1+ 29. Rxe1 Qc6 30. Qe3 Qa6 31. d4 c4 32. Qe8+ Kg7 33. Re7 Be6 34.
Qa4 Qb6 35. Qxa7 Qxa7 36. Rxa7 cxb3 37. a4 Kf6 38. Kf2 Kf5 39. Ke3 Bd5 40. g4+
Kg5 1-0

[Event "Plzen, JF D"]
[Site "?"]
[Date "1999.??.??"]
[Round "1.2"]
[White "Konig, V."]
[Black "Fuchs, F."]
[Result "0-1"]
[WhiteElo "1649"]
[BlackElo "1937"]
[PlyCount "74"]
[EventDate "1999.??.??"]
[Source "ChessBase"]
[SourceDate "1996.11.15"]

1. e4 c5 2. d4 cxd4 3. c3 dxc3 4. Nxc3 g6 5. Nf3 Bg7 6. Bc4 Nc6 7. O-O d6 8.
Qe2 Qc7 9. Bf4 Nf6 10. Rac1 O-O 11. Rfd1 Bg4 12. Bb3 Rac8 13. Nd5 Qd7 14. e5
Nxd5 15. Bxd5 Nxe5 16. Rxc8 Rxc8 17. Bxe5 Bxe5 18. Bxf7+ Kxf7 19. Nxe5+ dxe5
20. f3 Qa4 21. b3 Qa6 22. Qxa6 bxa6 23. fxg4 Rc2 24. a4 Ke6 25. Kf1 Rb2 26. Rd3
e4 27. Rh3 a5 28. Rc3 Kd6 29. h4 Rd2 30. g3 Rd3 31. Rxd3+ exd3 32. Kf2 e5 33.
g5 e4 34. g4 Ke5 35. Ke3 Kd5 36. h5 Ke5 37. hxg6 hxg6 0-1

[Event "Plzen, JF D"]
[Site "?"]
[Date "1999.??.??"]
[Round "1.3"]
[White "Liska, J."]
[Black "Mencl, S."]
[Result "1-0"]
[WhiteElo "1935"]
[BlackElo "1634"]
[PlyCount "57"]
[EventDate "1999.??.??"]
[Source "ChessBase"]
[SourceDate "1996.11.15"]

1. c4 Nf6 2. Nc3 d5 3. cxd5 Nxd5 4. e4 Nxc3 5. dxc3 Qxd1+ 6. Kxd1 e5 7. Bc4 Bc5
8. f4 Bg4+ 9. Kc2 f6 10. h3 Bh5 11. fxe5 fxe5 12. Nf3 Nd7 13. Bg5 Rf8 14. Rhf1
Bxf3 15. gxf3 Be7 16. Be3 Bd6 17. Bd5 c6 18. Be6 Ke7 19. Bg4 Nf6 20. Rad1 g6
21. Bh6 Rf7 22. h4 Bc5 23. Bg5 Bd6 24. Bh3 Rd8 25. Rd3 Bc7 26. Rxd8 Bxd8 27.
Rd1 Ke8 28. Be6 Rg7 29. Rxd8+ 1-0

[Event "Plzen, JF D"]
[Site "?"]
[Date "1999.??.??"]
[Round "1.4"]
[White "Dolezal, Ru"]
[Black "Smekal, Z."]
[Result "1/2-1/2"]
[WhiteElo "1604"]
[BlackElo "1894"]
[PlyCount "25"]
[EventDate "1999.??.??"]
[Source "ChessBase"]
[SourceDate "1996.11.15"]

1. e4 e5 2. f4 Bc5 3. Nf3 d6 4. Bc4 Nc6 5. Ng5 Nh6 6. Qh5 O-O 7. f5 Na5 8. d3
Nxc4 9. dxc4 f6 10. Nxh7 Kxh7 11. Qg6+ Kh8 12. Bxh6 gxh6 13. Qxh6+ 1/2-1/2

[Event "Plzen, JF D"]
[Site "?"]
[Date "1999.??.??"]
[Round "1.5"]
[White "Kasik, M."]
[Black "Rerabek, J."]
[Result "1/2-1/2"]
[WhiteElo "1869"]
[BlackElo "1579"]
[PlyCount "33"]
[EventDate "1999.??.??"]
[Source "ChessBase"]
[SourceDate "1996.11.15"]

1. e4 e5 2. Nf3 Nc6 3. Bb5 f5 4. Nc3 fxe4 5. Nxe4 d5 6. Nxe5 dxe4 7. Qh5+ g6 8.
Nxg6 hxg6 9. Bxc6+ bxc6 10. Qxh8 Nf6 11. O-O Bf5 12. d3 exd3 13. cxd3 Nd5 14.
Bh6 Kd7 15. Bxf8 Qxf8 16. Qd4 Qh6 17. Qe5 1/2-1/2

[Event "Plzen, JF D"]
[Site "?"]
[Date "1999.??.??"]
[Round "1.6"]
[White "Strejcek, P."]
[Black "Horyna, J."]
[Result "0-1"]
[WhiteElo "1543"]
[BlackElo "1831"]
[PlyCount "78"]
[EventDate "1999.??.??"]
[Source "ChessBase"]
[SourceDate "1996.11.15"]

1. d4 Nf6 2. c4 e6 3. Nf3 b6 4. g3 Bb7 5. Bg2 c5 6. d5 exd5 7. Nh4 d6 8. Nc3
Nbd7 9. cxd5 g6 10. O-O a6 11. Rb1 Bg7 12. Ne4 Nxe4 13. Bxe4 O-O 14. Bg2 b5 15.
b3 b4 16. e4 a5 17. f4 Ba6 18. Re1 Bc3 19. Bd2 Bd4+ 20. Be3 Bc3 21. Bd2 Bf6 22.
Bf1 Bxf1 23. Rxf1 Bxh4 24. gxh4 Qxh4 25. Qf3 Rac8 26. Be1 Qe7 27. Rb2 c4 28.
Qh3 c3 29. Bh4 f6 30. Re2 c2 31. Qe3 Rc3 32. Qd2 Rfc8 33. Ree1 Nc5 34. Bf2 Nd3
35. Rc1 Nxc1 36. Rxc1 Qxe4 37. Bh4 Rd3 38. Qe1 Qxe1+ 39. Rxe1 Rd1 0-1

[Event "Plzen, JF D"]
[Site "?"]
[Date "1999.??.??"]
[Round "1.7"]
[White "Cap, J."]
[Black "Oskrobany, E."]
[Result "1-0"]
[WhiteElo "1830"]
[BlackElo "1527"]
[PlyCount "91"]
[EventDate "1999.??.??"]
[Source "ChessBase"]
[SourceDate "1996.11.15"]

1. e4 e5 2. Nf3 Nc6 3. Bb5 d6 4. c3 Bd7 5. d4 exd4 6. cxd4 a6 7. Ba4 Be7 8. Nc3
Bf6 9. O-O Nge7 10. Re1 b5 11. Bc2 Bg4 12. Ne2 Bxf3 13. gxf3 Ng6 14. Be3 O-O
15. f4 Nh4 16. Ng3 Nxd4 17. Bxd4 Bxd4 18. Qg4 Ng6 19. e5 Qh4 20. Qd1 Nxf4 21.
Be4 Nh3+ 22. Kg2 dxe5 23. Bxa8 Rxa8 24. Re4 Nf4+ 25. Kh1 Bxf2 26. Qf3 Bxg3 27.
Qxg3 Qxg3 28. hxg3 Ng6 29. Rc1 Rc8 30. Rc6 f5 31. Re3 a5 32. Rec3 b4 33. Rxc7
bxc3 34. Rxc8+ Kf7 35. Rxc3 e4 36. Rc5 Kf6 37. Rxa5 Ne5 38. b4 Nc6 39. Ra6 e3
40. Rxc6+ Ke5 41. Kg2 Ke4 42. Re6+ Kd3 43. Kf3 f4 44. gxf4 Kc4 45. a3 h5 46.
Rxe3 1-0

[Event "Plzen, JF D"]
[Site "?"]
[Date "1999.??.??"]
[Round "1.8"]
[White "Satanek, M."]
[Black "Jirusek, Z."]
[Result "1-0"]
[WhiteElo "1475"]
[BlackElo "1821"]
[PlyCount "41"]
[EventDate "1999.??.??"]
[Source "ChessBase"]
[SourceDate "1996.11.15"]

1. e4 e5 2. f4 d5 3. exd5 e4 4. Nc3 Nf6 5. d3 Bb4 6. Bd2 e3 7. Bxe3 O-O 8. Bd2
Re8+ 9. Be2 Bg4 10. h3 Bxe2 11. Ngxe2 Bxc3 12. bxc3 Nxd5 13. O-O Nc6 14. Rf3
Qe7 15. Ng3 Rad8 16. c4 Qc5+ 17. Kh1 Ne3 18. Bxe3 Rxe3 19. Qg1 Rde8 20. Nf1
R3e5 21. fxe5 1-0

[Event "Plzen, JF D"]
[Site "?"]
[Date "1999.??.??"]
[Round "1.9"]
[White "Lener, J."]
[Black "Beran, J."]
[Result "1-0"]
[WhiteElo "1783"]
[BlackElo "1550"]
[PlyCount "43"]
[EventDate "1999.??.??"]
[Source "ChessBase"]
[SourceDate "1996.11.15"]

1. Nf3 d5 2. g3 Nf6 3. b3 g6 4. Bb2 Bg7 5. d3 O-O 6. Bg2 Nc6 7. Nbd2 Re8 8. O-O
e5 9. e4 dxe4 10. dxe4 b6 11. Re1 Bb7 12. c3 Qd7 13. b4 b5 14. a4 a6 15. Qb3
Qe6 16. Qxe6 Rxe6 17. Nb3 Rd6 18. Nc5 Ra7 19. axb5 Nd8 20. bxa6 Bc8 21. Nxe5
Nd7 22. Nc4 1-0

[Event "Plzen, JF D"]
[Site "?"]
[Date "1999.??.??"]
[Round "1.10"]
[White "Cigan, K."]
[Black "Endler, B."]
[Result "0-1"]
[WhiteElo "1550"]
[BlackElo "1766"]
[PlyCount "74"]
[EventDate "1999.??.??"]
[Source "ChessBase"]
[SourceDate "1996.11.15"]

1. e4 d5 2. exd5 Nf6 3. Nc3 Nxd5 4. Nxd5 Qxd5 5. d4 Nc6 6. Be3 Bf5 7. Nf3 e6 8.
a3 Be7 9. Be2 Bf6 10. O-O O-O 11. b3 Rad8 12. Bc4 Qe4 13. Bd3 Qg4 14. Bxf5 Qxf5
15. Ra2 e5 16. c3 exd4 17. cxd4 Rd5 18. Qc2 Qd7 19. Rd1 Nxd4 20. Nxd4 Bxd4 21.
Qd3 Rd8 22. Rad2 c5 23. Kf1 Qc7 24. g3 Qc6 25. Qe4 Qe6 26. Qxe6 fxe6 27. Ke2
Bxe3 28. Kxe3 Rxd2 29. Rxd2 Rxd2 30. Kxd2 Kf7 31. Kd3 b5 32. h3 Kf6 33. Ke4 a5
34. f4 h6 35. g4 g5 36. f5 exf5+ 37. gxf5 h5 0-1

[Event "Plzen, JF D"]
[Site "?"]
[Date "1999.??.??"]
[Round "1.11"]
[White "Drahorad, D."]
[Black "Fakan, P."]
[Result "1-0"]
[WhiteElo "1720"]
[BlackElo "1550"]
[PlyCount "43"]
[EventDate "1999.??.??"]
[Source "ChessBase"]
[SourceDate "1996.11.15"]

1. e4 e6 2. d4 d5 3. Nc3 Bb4 4. e5 c5 5. a3 Bxc3+ 6. bxc3 Nc6 7. f4 Nge7 8. Nf3
c4 9. Be2 Bd7 10. O-O O-O 11. Kh1 Nf5 12. g4 Nh4 13. Qe1 Nxf3 14. Rxf3 f6 15.
a4 Be8 16. Ba3 Ne7 17. f5 fxe5 18. dxe5 d4 19. f6 Bc6 20. fxe7 Bxf3+ 21. Bxf3
Qc7 22. exf8=Q+ 1-0

[Event "Plzen, JF D"]
[Site "?"]
[Date "1999.??.??"]
[Round "1.12"]
[White "Vaindl, P."]
[Black "Simana, J."]
[Result "0-1"]
[WhiteElo "1550"]
[BlackElo "1684"]
[PlyCount "58"]
[EventDate "1999.??.??"]
[Source "ChessBase"]
[SourceDate "1996.11.15"]

1. d4 Nf6 2. c4 d5 3. e3 c6 4. Nc3 g6 5. b3 Bg7 6. Be2 Nbd7 7. Nf3 O-O 8. O-O
Qc7 9. Bb2 b6 10. Rc1 e6 11. Re1 Bb7 12. Bd3 dxc4 13. bxc4 Rad8 14. e4 c5 15.
d5 exd5 16. exd5 a6 17. Ne4 Nxe4 18. Bxg7 Nxf2 19. Kxf2 Kxg7 20. Qb3 Nf6 21. h3
Rd6 22. Re3 Nh5 23. Re4 Rf6 24. Rg4 Bc8 25. Re4 Qg3+ 26. Kg1 Rxf3 27. Qb2+ Nf6
28. Be2 Rf2 29. Rg4 Bxg4 0-1

[Event "Plzen, JF D"]
[Site "?"]
[Date "1999.??.??"]
[Round "1.13"]
[White "Orlicek, K."]
[Black "Studnicka, J."]
[Result "0-1"]
[WhiteElo "1674"]
[BlackElo "1250"]
[PlyCount "77"]
[EventDate "1999.??.??"]
[Source "ChessBase"]
[SourceDate "1996.11.15"]

1. d4 Nf6 2. Bg5 d5 3. Bxf6 exf6 4. e3 Bb4+ 5. c3 Ba5 6. Qa4+ c6 7. Nd2 O-O 8.
Bd3 Bc7 9. Qc2 g6 10. h4 f5 11. g3 Nd7 12. Ngf3 Nf6 13. O-O-O Ne4 14. Rhf1 Be6
15. Rde1 Qe7 16. Ng1 Nxf2 17. Rxf2 Bxg3 18. Rff1 Bxe1 19. Rxe1 Qxh4 20. Ndf3
Qg3 21. Re2 Qc7 22. Rg2 Kh8 23. Qd2 f6 24. Nh4 Rg8 25. Nh3 Bd7 26. Qf2 Raf8 27.
Rg3 c5 28. Qg2 cxd4 29. exd4 f4 30. Rxg6 Bxh3 31. Qxh3 hxg6 32. Nxg6+ Kg7 33.
Ne7 Rh8 34. Nf5+ Kf7 35. Nh6+ Ke7 36. Nf5+ Kd8 37. Qf3 Qd7 38. Qxf4 Rh1+ 39.
Qf1 0-1

[Event "Plzen, JF D"]
[Site "?"]
[Date "1999.??.??"]
[Round "2.1"]
[White "Endler, B."]
[Black "Adamek, F."]
[Result "0-1"]
[WhiteElo "1766"]
[BlackElo "1961"]
[PlyCount "96"]
[EventDate "1999.??.??"]
[Source "ChessBase"]
[SourceDate "1996.11.15"]

1. e4 c5 2. c3 d6 3. Nf3 Nf6 4. Qc2 Bg4 5. Be2 e5 6. d4 Bxf3 7. Bxf3 Nc6 8.
dxc5 dxc5 9. Bg5 Be7 10. Bxf6 Bxf6 11. O-O O-O 12. Na3 a6 13. Nc4 Qc7 14. Ne3
Ne7 15. Rad1 Rfd8 16. g3 g6 17. Nd5 Nxd5 18. exd5 Be7 19. c4 Bd6 20. Bg2 Rf8
21. h4 f5 22. Qd2 Rf6 23. Bh3 Raf8 24. Kg2 Kg7 25. f3 h5 26. Qe1 b5 27. b3 Rb8
28. Rb1 Rf7 29. Qc3 bxc4 30. bxc4 Qd8 31. f4 Qf6 32. Rxb8 Bxb8 33. fxe5 Bxe5
34. Qd3 Qd6 35. Rf3 Bd4 36. Kf1 Re7 37. Qd1 Re4 38. Bxf5 gxf5 39. Rxf5 Re5 40.
Qxh5 Rxf5+ 41. Qxf5 Qxg3 42. Qd7+ Kh6 43. Qe6+ Kh5 44. Qf5+ Kxh4 45. Qh7+ Kg4
46. Qg6+ Kf3 47. Qxg3+ Kxg3 48. d6 Kf3 0-1

[Event "Plzen, JF D"]
[Site "?"]
[Date "1999.??.??"]
[Round "2.2"]
[White "Fuchs, F."]
[Black "Lener, J."]
[Result "1-0"]
[WhiteElo "1937"]
[BlackElo "1783"]
[PlyCount "95"]
[EventDate "1999.??.??"]
[Source "ChessBase"]
[SourceDate "1996.11.15"]

1. c4 e5 2. Nc3 Nf6 3. g3 Be7 4. Bg2 d6 5. Nf3 Nbd7 6. O-O O-O 7. b3 a6 8. Bb2
Rb8 9. d4 exd4 10. Nxd4 Nc5 11. Qc2 Bd7 12. Rad1 Qc8 13. Rfe1 Bh3 14. Bh1 Nh5
15. Nd5 Re8 16. b4 Nd7 17. Be4 Nhf6 18. Nf5 Bd8 19. Bh1 Ne5 20. Nfe3 Nxd5 21.
Nxd5 Ng6 22. Qc3 f6 23. e4 Be6 24. c5 Bxd5 25. Rxd5 Be7 26. Qc4 Qe6 27. f4 c6
28. e5 f5 29. cxd6 Bxd6 30. Qd4 Bc7 31. Kf1 Ne7 32. Rd6 Qxa2 33. e6 Qxb2 34.
Qxb2 Bxd6 35. Bf3 g6 36. Rd1 Rbd8 37. h4 Nc8 38. Re1 Be7 39. h5 g5 40. h6 Bf8
41. fxg5 Re7 42. Qf6 Nd6 43. Bh5 a5 44. Bf7+ Nxf7 45. exf7+ Rxf7 46. Qxd8 axb4
47. Re8 b5 48. Qd6 1-0

[Event "Plzen, JF D"]
[Site "?"]
[Date "1999.??.??"]
[Round "2.3"]
[White "Simana, J."]
[Black "Liska, J."]
[Result "0-1"]
[WhiteElo "1684"]
[BlackElo "1935"]
[PlyCount "36"]
[EventDate "1999.??.??"]
[Source "ChessBase"]
[SourceDate "1996.11.15"]

1. d4 Nf6 2. Nf3 e6 3. Bg5 h6 4. Bh4 Be7 5. e3 O-O 6. Bd3 b6 7. Nbd2 Bb7 8. O-O
c5 9. c3 Nc6 10. Qc2 Rc8 11. Rac1 cxd4 12. exd4 Nd5 13. Bxe7 Qxe7 14. Qd1 f5
15. Re1 Qf6 16. Ne5 Nxe5 17. dxe5 Qg6 18. Nc4 {#} Nxc3 0-1

[Event "Plzen, JF D"]
[Site "?"]
[Date "1999.??.??"]
[Round "2.4"]
[White "Horyna, J."]
[Black "Drahorad, D."]
[Result "1/2-1/2"]
[WhiteElo "1831"]
[BlackElo "1720"]
[PlyCount "82"]
[EventDate "1999.??.??"]
[Source "ChessBase"]
[SourceDate "1996.11.15"]

1. d4 d5 2. Nf3 Nf6 3. c4 c6 4. cxd5 cxd5 5. Nc3 Nc6 6. Bf4 e6 7. e3 Bb4 8. a3
Ba5 9. Bd3 a6 10. O-O Bc7 11. Bxc7 Qxc7 12. Rc1 Qd6 13. e4 dxe4 14. Nxe4 Nxe4
15. Bxe4 Ne7 16. Qc2 f5 17. Bd3 Nc6 18. Rfd1 O-O 19. Bc4 Ne7 20. Qe2 Bd7 21.
Ne5 Nd5 22. Re1 Rfe8 23. Qd2 Rac8 24. Ba2 Bb5 25. Rxc8 Rxc8 26. Rc1 Rc7 27. g3
Qb6 28. Qg5 Rxc1+ 29. Qxc1 Qc7 30. Qxc7 Nxc7 31. f4 Kf8 32. Kf2 Ke7 33. Nf3 Bc6
34. Nd2 Bd5 35. Bb1 Kd6 36. Ke3 Kc6 37. Bc2 Kb6 38. Bd3 Ka5 39. h3 Ka4 40. g4
g6 41. Bc2+ Kb5 1/2-1/2

[Event "Plzen, JF D"]
[Site "?"]
[Date "1999.??.??"]
[Round "2.5"]
[White "Studnicka, J."]
[Black "Cap, J."]
[Result "1/2-1/2"]
[WhiteElo "1250"]
[BlackElo "1830"]
[PlyCount "69"]
[EventDate "1999.??.??"]
[Source "ChessBase"]
[SourceDate "1996.11.15"]

1. d4 Nf6 2. Nf3 d5 3. e3 Bf5 4. c4 e6 5. Nc3 Be7 6. Bd3 Bxd3 7. Qxd3 dxc4 8.
Qxc4 c6 9. e4 Nbd7 10. O-O Nb6 11. Qb3 Qc7 12. Bg5 O-O 13. Rac1 Rad8 14. Rfd1
Rd7 15. Ne5 Rxd4 16. Rxd4 Qxe5 17. Be3 Ng4 18. f4 Qh5 19. h3 Nxe3 20. Nd1 Nxd1
21. Rdxd1 Rd8 22. Re1 h6 23. g4 Qh4 24. Re2 Qf6 25. f5 Qd4+ 26. Kg2 e5 27. Kf1
Bg5 28. Rc3 Rd7 29. Qc2 Kf8 30. Rf2 Ke7 31. Kg2 Qd1 32. Ra3 a6 33. Qc5+ Ke8 34.
Qxb6 Qe1 35. Qb3 1/2-1/2

[Event "Plzen, JF D"]
[Site "?"]
[Date "1999.??.??"]
[Round "2.6"]
[White "Smekal, Z."]
[Black "Satanek, M."]
[Result "1/2-1/2"]
[WhiteElo "1894"]
[BlackElo "1475"]
[PlyCount "94"]
[EventDate "1999.??.??"]
[Source "ChessBase"]
[SourceDate "1996.11.15"]

1. Nf3 b6 2. e4 Bb7 3. Nc3 e6 4. d4 d5 5. e5 c5 6. Bg5 Qc7 7. Nb5 Qd7 8. a4 a6
9. Nc3 Nc6 10. Ne2 Nge7 11. c3 c4 12. g3 Ng6 13. h4 Be7 14. Bxe7 Ngxe7 15. Bh3
O-O 16. Nf4 Na5 17. Nd2 Ng6 18. Nxg6 fxg6 19. O-O Qf7 20. f4 b5 21. Qg4 Qf5 22.
Qxf5 gxf5 23. g4 g6 24. gxf5 gxf5 25. Kf2 Bc6 26. axb5 axb5 27. Rg1+ Kf7 28.
Bf1 Nb7 29. Be2 Rxa1 30. Bh5+ Ke7 31. Rxa1 Rg8 32. Ra6 Nd8 33. Ra7+ Bb7 34. Nb1
Kd7 35. Na3 Kc7 36. Ra5 Bc6 37. Nc2 Kb6 38. Ra1 Rg7 39. Nb4 Bb7 40. Rg1 Rxg1
41. Kxg1 Nc6 42. Nxc6 Bxc6 43. Kf2 Ka5 44. Bd1 b4 45. Ke3 Ba4 46. Bh5 h6 47.
Kd2 b3 1/2-1/2

[Event "Plzen, JF D"]
[Site "?"]
[Date "1999.??.??"]
[Round "2.7"]
[White "Rerabek, J."]
[Black "Dolezal, Ru"]
[Result "0-1"]
[WhiteElo "1579"]
[BlackElo "1604"]
[PlyCount "140"]
[EventDate "1999.??.??"]
[Source "ChessBase"]
[SourceDate "1996.11.15"]

1. e4 e5 2. Nf3 Nf6 3. Nxe5 d6 4. Nxf7 Kxf7 5. Nc3 g6 6. d4 Bg7 7. Bc4+ Be6 8.
Bxe6+ Kxe6 9. f4 Kf7 10. g4 Re8 11. e5 Kg8 12. h4 dxe5 13. fxe5 Nc6 14. Be3 Nd5
15. Bg5 Qd7 16. Ne4 b6 17. c3 Nxe5 18. dxe5 Rxe5 19. Qd3 Rae8 20. O-O-O Rxe4
21. Qxd5+ Qxd5 22. Rxd5 Rxg4 23. Rd7 Be5 24. Re1 Bf4+ 25. Kd1 Rxe1+ 26. Kxe1
Bxg5 27. hxg5 Rxg5 28. Rxc7 Ra5 29. a3 Rb5 30. b4 h5 31. Kf2 a5 32. Kg3 g5 33.
Rd7 Re5 34. Kf3 h4 35. Rd6 axb4 36. axb4 b5 37. Kg4 Kg7 38. Rc6 Kf7 39. Rb6 Ke7
40. Rg6 Kd7 41. Rb6 Re3 42. Kxg5 h3 43. Rh6 Rxc3 44. Kf5 Rb3 45. Ke5 Rxb4 46.
Rxh3 Kc6 47. Rh8 Rc4 48. Rc8+ Kb6 49. Rb8+ Ka5 50. Ra8+ Kb4 51. Kd5 Kb3 52. Rb8
b4 53. Rh8 Rc3 54. Rb8 Ka3 55. Kd4 Rc7 56. Ra8+ Kb2 57. Kd3 b3 58. Kd2 Kb1 59.
Kd1 Rc2 60. Ra3 Kb2 61. Ra8 Rc5 62. Rd8 Kb1 63. Kd2 Ka2 64. Ra8+ Kb2 65. Rb8
Ra5 66. Rd8 Ka2 67. Kc3 Ra3 68. Rd2+ b2+ 69. Kb4 Rb3+ 70. Ka4 Ka1 0-1

[Event "Plzen, JF D"]
[Site "?"]
[Date "1999.??.??"]
[Round "2.8"]
[White "Jirusek, Z."]
[Black "Kasik, M."]
[Result "1/2-1/2"]
[WhiteElo "1821"]
[BlackElo "1869"]
[PlyCount "122"]
[EventDate "1999.??.??"]
[Source "ChessBase"]
[SourceDate "1996.11.15"]

1. e4 c5 2. Nf3 a6 3. g3 Nc6 4. Bg2 d6 5. O-O g6 6. d4 cxd4 7. Nxd4 Bg7 8. Nxc6
bxc6 9. c3 e6 10. Bf4 e5 11. Be3 Nf6 12. Na3 Be6 13. Qa4 Qc7 14. Rad1 O-O 15.
Nc4 Bxc4 16. Qxc4 Ng4 17. Bc1 Rfd8 18. Bh3 h5 19. Bxg4 hxg4 20. Bg5 Rd7 21. Qe2
f5 22. Qc4+ Kh7 23. exf5 gxf5 24. Qe6 Rf8 25. Kg2 d5 26. h3 gxh3+ 27. Kxh3 Rd6
28. Qe7 Qxe7 29. Bxe7 Rh6+ 30. Kg2 Re8 31. Bg5 Rh5 32. Rh1 Rxh1 33. Rxh1+ Kg6
34. Bd2 e4 35. Be3 Rb8 36. b3 Rh8 37. Rc1 Rc8 38. Bc5 Kf7 39. f3 Ke6 40. Bd4
Bf8 41. Rh1 c5 42. Bh8 Rc7 43. fxe4 fxe4 44. Rh5 Rf7 45. c4 dxc4 46. Re5+ Kd6
47. Rxe4 cxb3 48. axb3 Rb7 49. Re3 Bg7 50. Bxg7 Rxg7 51. Kf3 Kd5 52. g4 Rf7+
53. Kg3 c4 54. bxc4+ Kxc4 55. g5 a5 56. Kg4 a4 57. g6 Rg7 58. Kf5 Kb4 59. Re6
a3 60. Rb6+ Kc3 61. Ra6 Kb2 1/2-1/2

[Event "Plzen, JF D"]
[Site "?"]
[Date "1999.??.??"]
[Round "2.9"]
[White "Oskrobany, E."]
[Black "Orlicek, K."]
[Result "0-1"]
[WhiteElo "1527"]
[BlackElo "1674"]
[PlyCount "96"]
[EventDate "1999.??.??"]
[Source "ChessBase"]
[SourceDate "1996.11.15"]

1. e4 d5 2. exd5 Qxd5 3. Nc3 Qa5 4. Bc4 Nf6 5. h3 c6 6. a3 Bf5 7. d3 e6 8. Bd2
Qc7 9. Nf3 h6 10. Ne2 Nbd7 11. Bc3 Bd6 12. Qd2 Rg8 13. Bb4 Nd5 14. Bxd6 Qxd6
15. Bxd5 exd5 16. O-O O-O-O 17. c4 dxc4 18. dxc4 Qxd2 19. Nxd2 Ne5 20. Ng3 Bg6
21. Rfe1 Rxd2 22. Rxe5 Rxb2 23. c5 Rd8 24. Ne4 Bxe4 25. Rxe4 Rc2 26. Re7 Rd7
27. Re5 f6 28. Rf5 Rd5 29. Rxd5 cxd5 30. Re1 Kd7 31. a4 Rxc5 32. Ra1 b6 33. f3
Kd6 34. Kf2 Rc2+ 35. Kg3 Kc5 36. Rb1 d4 37. Kf4 Kc4 38. g3 d3 39. Rd1 Kc3 40.
Ke4 Re2+ 41. Kd5 d2 42. Ra1 Re1 43. Ra3+ Kb2 44. Rd3 d1=Q 45. Rxd1 Rxd1+ 46.
Kc6 Ka3 47. a5 bxa5 48. Kb5 a4 0-1

[Event "Plzen, JF D"]
[Site "?"]
[Date "1999.??.??"]
[Round "2.10"]
[White "Zvolanek, J."]
[Black "Cigan, K."]
[Result "1-0"]
[WhiteElo "1666"]
[BlackElo "1550"]
[PlyCount "69"]
[EventDate "1999.??.??"]
[Source "ChessBase"]
[SourceDate "1996.11.15"]

1. e4 e5 2. Bc4 Bc5 3. Nf3 Nc6 4. c3 Nf6 5. d4 exd4 6. cxd4 Bb6 7. d5 Na5 8.
Bd3 Qe7 9. O-O c5 10. Nc3 d6 11. h3 O-O 12. Bf4 Bc7 13. Re1 Nd7 14. b4 cxb4 15.
Nb5 Bb8 16. Qb1 a6 17. Nbd4 Ne5 18. Bf1 b5 19. Qxb4 Nac4 20. Bxc4 Nxc4 21. a4
f6 22. axb5 Ne5 23. Bxe5 fxe5 24. Nc6 Qf6 25. Ra3 h5 26. b6 Rf7 27. Na5 Bd7 28.
b7 Ra7 29. Nc6 g5 30. Nxb8 Bxh3 31. Nc6 Raxb7 32. Qd2 Bc8 33. Qxg5+ Kf8 34. Nd8
Rb2 35. Nxf7 1-0

[Event "Plzen, JF D"]
[Site "?"]
[Date "1999.??.??"]
[Round "2.11"]
[White "Beran, J."]
[Black "Konig, V."]
[Result "0-1"]
[WhiteElo "1550"]
[BlackElo "1649"]
[PlyCount "62"]
[EventDate "1999.??.??"]
[Source "ChessBase"]
[SourceDate "1996.11.15"]

1. d4 d5 2. c4 e6 3. Nf3 Nf6 4. Nc3 Be7 5. cxd5 exd5 6. Bf4 a6 7. e3 O-O 8. Bd3
Bg4 9. h3 Bh5 10. g4 Bg6 11. Ne5 Bxd3 12. Qxd3 Nbd7 13. O-O c5 14. Nxd7 Qxd7
15. dxc5 Bxc5 16. Rac1 Bb6 17. Rfd1 d4 18. exd4 Nd5 19. Nxd5 Qxd5 20. b3 Rac8
21. Rxc8 Rxc8 22. Kh2 Rd8 23. Be3 Bc7+ 24. f4 g5 25. Kg3 Re8 26. Rf1 Re4 27.
Qd2 Rxe3+ 28. Qxe3 gxf4+ 29. Rxf4 Bxf4+ 30. Qxf4 Qe6 31. Qb8+ Kg7 0-1

[Event "Plzen, JF D"]
[Site "?"]
[Date "1999.??.??"]
[Round "2.12"]
[White "Mencl, S."]
[Black "Vaindl, P."]
[Result "1-0"]
[WhiteElo "1634"]
[BlackElo "1550"]
[PlyCount "23"]
[EventDate "1999.??.??"]
[Source "ChessBase"]
[SourceDate "1996.11.15"]

1. e4 c5 2. Nf3 Nc6 3. d4 e6 4. Nc3 d6 5. dxc5 dxc5 6. Qxd8+ Nxd8 7. Nb5 Kd7 8.
Bf4 a6 9. O-O-O+ Ke7 10. Bd6+ Ke8 11. Nc7+ Kd7 12. Ne5# 1-0

[Event "Plzen, JF D"]
[Site "?"]
[Date "1999.??.??"]
[Round "2.13"]
[White "Fakan, P."]
[Black "Strejcek, P."]
[Result "0-1"]
[WhiteElo "1550"]
[BlackElo "1543"]
[PlyCount "62"]
[EventDate "1999.??.??"]
[Source "ChessBase"]
[SourceDate "1996.11.15"]

1. e4 e5 2. Nf3 Nc6 3. c3 Nf6 4. Qa4 d6 5. Bc4 Be7 6. Ng5 O-O 7. Qb3 Qe8 8. d3
Na5 9. Bxf7+ Rxf7 10. Qxf7+ Qxf7 11. Nxf7 Kxf7 12. Nd2 c5 13. O-O Nh5 14. Nb3
Nxb3 15. axb3 Be6 16. b4 cxb4 17. cxb4 a6 18. Be3 Rc8 19. Rfc1 Rxc1+ 20. Rxc1
Bd8 21. Ba7 Nf4 22. Rd1 b6 23. g3 Ne2+ 24. Kg2 Nd4 25. f4 Nc6 26. f5 Bb3 27.
Ra1 Nxa7 28. Rxa6 Nc6 29. b5 Nd4 30. Ra8 Bc7 31. Ra7 Nxb5 0-1

[Event "Plzen, JF D"]
[Site "?"]
[Date "1999.??.??"]
[Round "3.1"]
[White "Adamek, F."]
[Black "Fuchs, F."]
[Result "1/2-1/2"]
[WhiteElo "1961"]
[BlackElo "1937"]
[PlyCount "80"]
[EventDate "1999.??.??"]
[Source "ChessBase"]
[SourceDate "1996.11.15"]

1. e4 c6 2. d4 d5 3. e5 Bf5 4. Nf3 e6 5. a3 c5 6. c4 Nc6 7. Be3 cxd4 8. Nxd4
Nge7 9. Nxc6 Nxc6 10. cxd5 Qxd5 11. Qxd5 exd5 12. Bb5 a6 13. Bxc6+ bxc6 14. Nc3
a5 15. Kd2 Rb8 16. Na4 c5 17. Bxc5 Bxc5 18. Nxc5 Rxb2+ 19. Ke3 O-O 20. Rhd1 Be6
21. Rd2 Rfb8 22. Rc1 g5 23. Rcc2 Rxc2 24. Rxc2 Kg7 25. f4 Kg6 26. fxg5 Bf5 27.
Rf2 Rb1 28. h4 Rc1 29. Nb7 Rc3+ 30. Kd4 Rxa3 31. Kxd5 Ra4 32. Kd6 Rd4+ 33. Kc5
Rxh4 34. Nd8 Rg4 35. Nxf7 Kxf7 36. Rxf5+ Ke6 37. Rf6+ Kxe5 38. Rh6 Rxg5 39.
Rxh7 Rxg2 40. Kb5 Ra2 1/2-1/2

[Event "Plzen, JF D"]
[Site "?"]
[Date "1999.??.??"]
[Round "3.2"]
[White "Liska, J."]
[Black "Horyna, J."]
[Result "1-0"]
[WhiteElo "1935"]
[BlackElo "1831"]
[PlyCount "73"]
[EventDate "1999.??.??"]
[Source "ChessBase"]
[SourceDate "1996.11.15"]

1. c4 Nf6 2. Nc3 g6 3. Nf3 Bg7 4. e4 d6 5. d4 O-O 6. Bg5 c6 7. h3 Nfd7 8. Bd3
f6 9. Bh4 e5 10. O-O Qe8 11. d5 g5 12. Bg3 Nc5 13. Bc2 g4 14. hxg4 Bxg4 15. b4
Ncd7 16. dxc6 Nxc6 17. Qxd6 Rd8 18. b5 Nb6 19. Qc5 Nd4 20. Nxd4 exd4 21. Nd5
Nxd5 22. exd5 b6 23. Qa3 Qd7 24. Qd3 f5 25. f3 Bh5 26. Bf2 Bg6 27. f4 Rfe8 28.
Rae1 Qc7 29. Bxd4 Rxe1 30. Rxe1 Qxf4 31. Bxg7 Kxg7 32. Re7+ Kf8 33. Re3 Qd6 34.
Qd4 Kf7 35. Re6 Qd7 36. Qf6+ Kg8 37. Re7 1-0